| 000 | 00413nam a22001577a 4500 | ||
|---|---|---|---|
| 999 |
_c3206 _d3206 |
||
| 003 | OSt | ||
| 005 | 20181029184702.0 | ||
| 008 | 181029b ||||| |||| 00| 0 eng d | ||
| 040 | _cDLC | ||
| 082 |
_a490 _bS188P |
||
| 100 | _aSamkutty, Ezamkulam | ||
| 245 |
_aPalamthetiya Theevandi / _cBy Ezamkulam Samkutty. |
||
| 260 |
_aThiruvalla, India : _bDeepthi Publications, _c2013. |
||
| 300 | _a256 p.: | ||
| 942 |
_2ddc _cBK |
||